000 02516cam0 2200421 ib4500
001 BY-MA0000-br85330946
005 20250714160521.0
010 ^a978-5-9951-5332-0
100 ^a20241231d2022 c y0rusy50 ca
101 1 ^arus
^cfin
102 ^aRU
105 ^aa z 000ay
109 ^ama
200 1 ^aХилья — проказница из зеленого дома
210 ^d2022
215 ^a93, [2] с.
^cцв. ил.
333 ^a6+
345 ^93000 экз.
461 1 ^12001
^aХилья
^e[для детей младшего школьного возраста]
^fХейди Вихерйуури
^gиллюстрации Нади Сарелл
^gперевод [с финского] Марины Киннунен
^vКн. 1
^1210
^aМосква
^cСтрекоза
^d2022
^1215
^d22 см
^12251
^aСерия: "Десткая художественная литература"
606 ^aХУДОЖЕСТВЕННАЯ ЛИТЕРАТУРА
^3BY-NLB-ar37179
^2DVNLB
606 ^aЗАРУБЕЖНАЯ ЛИТЕРАТУРА
^3BY-NLB-ar10779
^2DVNLB
606 ^aФИНСКАЯ ЛИТЕРАТУРА
^3BY-NLB-ar36129
^2DVNLB
608 ^aДЕТСКАЯ И ЮНОШЕСКАЯ ЛИТЕРАТУРА (художеств. произведение)
^3BY-NLB-ar9019
^2BYGNR
608 ^aПОВЕСТЬ
^3BY-NLB-ar23936
^2BYGNR
686 ^a84(4Фин)
^2rubbk
690 ^a1
^2Base
^9BY-MI0021
^xRSEK
700 1 ^aВихерйуури
^bХ.
^gХейди
702 1 ^aСарелл
^bН.
^gНадя
^4440
702 1 ^aКиннунен
^bМ.
^gМарина
^4730
801 0 ^aBY
^bBY-MA0000
^c20241231
^gRCR
801 2 ^aBY
^bBY-MI0021
^c20250505
^gRCR
035 ^a(BY-MI0021)BY-MA0000-br85330946
899 0 ^aBY-MI0021
^iВ54
^h84(4Фин)